Ekonomizácia územnej samosprávy - jej metodologické a systémové východiská

Ekonomizácia územnej samosprávy. Systém controllingu a jeho využitie v organizáciách územnej samosprávy.

Gespeichert in:
Bibliographische Detailangaben
1. Verfasser: Kozovský, Dušan
Format: Buchkapitel
Sprache:Slowakisch
Schlagworte:
Tags: Tag hinzufügen
Keine Tags, Fügen Sie das erste Tag hinzu!

MARC

LEADER 00000naa a2200000 4500
001 0147460
005 20240502072649.8
041 0 |a slo 
044 |a SK 
245 1 0 |a Ekonomizácia územnej samosprávy - jej metodologické a systémové východiská  |c Dušan Kozovský 
520 |a Ekonomizácia územnej samosprávy. Systém controllingu a jeho využitie v organizáciách územnej samosprávy. 
610 2 0 |a samospráva 
610 2 0 |a správa verejná 
610 2 0 |a kontroling 
610 2 0 |a účtovníctvo 
610 2 0 |a rozpočtovanie 
610 2 0 |a samospráva miestna 
100 1 |a Kozovský, Dušan